000 00586nam a2200181 i 4500
001 89448
003 ES-MaACL
005 20230906180158.0
007 t|
008 050110s1916 xxk ||||1| spa d
100 1 _aLanglois, Gabriel.
_970066
245 1 3 _aEl clero y los católicos franceses durante la guerra /
_cGabriel Langlois.
260 _aLondres :
_bEyre and Spottiswoode,
_c1916.
300 _a18 p. ;
_c18 cm.
650 0 4 _aGuerra mundial, 1914-1918-
_zFrancia.
_913219
650 4 _aGuerra mundial, 1914-1918-
_xAspectos religiosos.
_9150099
852 _aES-MaACL
_j1578-F-16
999 _c89448
_d89448